| 000 | 00481nam a2200181Ia 4500 | ||
|---|---|---|---|
| 008 | 230711s9999||||xx |||||||||||||| ||und|| | ||
| 020 | _a978-1-25-909863-5 | ||
| 041 | _aENG | ||
| 082 |
_a621.3192 _bHA-E |
||
| 100 | _aHayt,William H | ||
| 245 | 0 | _aEngineering circuit analysis | |
| 250 | _a8th Ed. | ||
| 260 |
_c2013 _aNew Delhi _bMcGraw Hill Education(India) Private Limited |
||
| 300 | _a852p. | ||
| 650 | _aElectrical Engineering | ||
| 700 | _aKemmerly,Jack E | ||
| 942 | _cBK | ||
| 999 |
_c6235 _d6235 |
||